000 01045nam a2200217Ia 4500
999 _c53155
_d53155
001 20194
003 GE_BSU
005 20250715145107.0
008 181216s2017||||ge |||||||||||||| ||geo||
040 _cGE_BSU
041 _ageo
080 _a347(479.22) ს-32
245 _aსაქართველოს სამოქალაქო კოდექსი. 2017 :
_bანბანურ-საგნობრივი საძიებლით : ცვლილებებითა და დამატებებით 2017 წ. 22 მარტამდე.
264 _aთბილისი :
_bბონა კაუზა,
_c2017.
300 _a377გვ. ;
_c21 სმ.
541 _h15ლ.50თ.
653 _aსამართალმცოდნეობა
653 _aსაქართველოს სამოქალაქო კოდექსი 2017
653 _aცვლილებებითა და დამატებებით 2017წ. 22 მარტამდე
942 _cBK
_2udc